Porteurs du maillot jaune depuis 2010 - Statistiques

Statistiques générales
  • Ce quiz a été pris 187 fois
  • Le résultat moyen est 23 sur 35
Statistiques - réponses
Jours en Jaune Nationalité Réponse % Correct
44 ( étapes 8 à 21 TdF 2013 +étapes 3 et étapes 7 à 21 TdF 2015 + étapes 8 à 21 TdF 2016 + étapes 5 à 11 et 14 à 21 TdF 2017) Royaume-Uni Chris Froome
98%
21 (étapes 20 et 21 TdF 2020 +étapes 8 à 21 TdF 2021 + étapes 6 à 10 TdF 2022) Slovénie Tadej Pogacar
98%
18 (étapes 3 à 5 et 8 à 18 TdF 2019 +étapes 2 à 4 TdF 2020 + étape 1 TdF 2021) France Julian Alaphilippe
95%
11 (étapes 11 à 21 TdF 2022) Danemark Jonas Vingegaard
94%
15 (étapes 1 à 4 TdF 2017 +étapes 11 à 21 TdF 2018) Royaume-Uni Geraint Thomas
92%
19 ( étapes 2 à 8 et 10 à 21 TdF 2014) Italie Vincenzo Nibali
91%
3 (étapes 19 à 21 TdF 2019) Colombie Egan Bernal
88%
11 (étapes 9 à 19 TdF 2020) Slovénie Primoz Roglic
88%
4 (étapes 2 à 5) Belgique Wout Van Aert
88%
10 (étapes 9 à 18 TdF 2011) France Thomas Voeckler
86%
13 (étapes 10 à 21 TdF 2010 +étape 19 TdF 2011) Luxembourg Andy Schleck
84%
4 ( étapes 2 à 4 TdF 2016 +étape 2 TdF 2018) Slovaquie Peter Sagan
82%
1 (étape 9 TdF 2010 + étapes 20 et 21 TdF 2011) Australie Cadel Evans
81%
14 (étapes 7 à 20 TdF 2012 Royaume-Uni Bradley Wiggins
76%
14 (étapes 1 à 2 et 4 à 7 TdF 2010 +Prologue à étape 6 TdF 2012 + étape 2 TdF 2015) Suisse Fabian Cancellara
76%
6 (étapes 2 à 7 TdF 2021) Pays-Bas Mathieu Van der Poel
72%
1 (étape 1 TdF 2016) Royaume-Uni Mark Cavendish
63%
2 (étapes 12 et 13 TdF 2017) Italie Fabio Aru
62%
2 (étape 1 TdF 2013 +étape 1 TdF 2014) Allemagne Marcel Kittel
62%
4 (étapes 5 à 8 TdF 2020) Royaume-Uni Adam Yates
59%
1 (étape 9 TdF 2014) France Tony Gallopin
59%
1 (étape 1 TdF 2022) Belgique Yves Lampaert
57%
1 (étape 1 TdF 2011) Belgique Philippe Gilbert
56%
1 (étape 1 TdF 2020) Norvège Alexander Kristoff
55%
2 (étapes 6 et 7 TdF 2019) Italie Giulio Ciccone
55%
2 (étapes 3 et 8 TdF 2010) France Sylvain Chavanel
50%
7 (étapes 2 à 8 TdF 2011) Norvège Thor Hushovd
44%
3 (étapes 4 à 6 TdF 2015) Allemagne Tony Martin
44%
11 (étapes 5 à 7 TdF 2016 +étapes 3 à 10 TdF 2018) Belgique Greg Van Avermaet
43%
1 (étape 1 TdF 2018) Colombie Fernando Gaviria
40%
2 (étapes 1 et 2 TdF 2019) Pays-Bas Mike Teunissen
40%
2 (étapes 6 et 7 TdF 2013) Afrique du Sud Daryl Impey
38%
2 (étapes 4 et 5 TdF 2013) Australie Simon Gerrans
28%
1 (étape 1 TdF 2015) Australie Rohan Dennis
25%
2 (étapes 2 et 3 TdF 2013) Belgique Jan Bakelants
19%
Aucun quiz correspondant
Distribution des résultats
% des personnes avec chaque résultat
Percentile par nombre de réponses
Votre historique - résultats
Vous n’avez pas pris ce quiz